MARC

LEADER 00000nam0a2200000 4500
001 261325
005 20231101233544.0
035 |a (RuTPU)RU\TPU\book\284301 
090 |a 261325 
100 |a 20140522d1955 k y0rusy50 ca 
101 0 |a rus 
102 |a RU 
105 |a a z 001zy 
200 1 |a Сборник работ по радиационной химии  |f Академия наук СССР (АН СССР) ; под ред. Н. А. Баха 
210 |a Москва  |c Изд-во АН СССР  |d 1955 
215 |a 263 с.  |c ил. 
320 |a Библиография в конце статей 
606 1 |a Ионизирующие излучения, радиоактивные  |2 stltpush  |3 (RuTPU)RU\TPU\subj\13072  |9 39749 
610 1 |a вода 
610 1 |a водные растворы 
610 1 |a радиолиз 
610 1 |a окислительно-восстановительные реакции 
610 1 |a перекись водорода 
610 1 |a гамма-излучения 
610 1 |a органические соединения 
610 1 |a окисление 
610 1 |a органические соединения 
610 1 |a высокополимеры 
610 1 |a полимерные вещества 
610 1 |a химические изменения 
675 |a 539.16  |v 3 
702 1 |a Бах  |b Н. А.  |4 340 
712 0 2 |a Академия наук СССР (АН СССР)  |2 stltpush  |3 (RuTPU)RU\TPU\col\722 
801 1 |a RU  |b 63413507  |c 20140522 
801 2 |a RU  |b 63413507  |c 20150420  |g RCR 
942 |c BK